Essai sur le credit agricole mobilier / (Record no. 28047)

MARC details
000 -LEADER
campo de control de longitud fija 00445nam a2200157 i 4500
001 - NÚMERO DE CONTROL
campo de control 28047
003 - IDENTIFICADOR DE NÚMERO DE CONTROL
campo de control ES-MaACL
005 - FECHA Y HORA DE LA ÚLTIMA TRANSACCIÓN
campo de control 20230906153742.0
007 - CAMPO FIJO DE DESCRIPCIÓN FÍSICA--INFORMACIÓN GENERAL
campo de control de longitud fija t|
008 - DATOS DE LONGITUD FIJA--INFORMACIÓN GENERAL
campo de control de longitud fija 030116s1887 fr ||||1| fre d
100 1# - ENTRADA PRINCIPAL--NOMBRE DE PERSONA
Nombre de persona Baillet, Georges.
9 (RLIN) 24706
245 10 - MENCIÓN DEL TÍTULO
Título Essai sur le credit agricole mobilier /
Mención de responsabilidad, etc. Georges Baillet.
260 ## - PUBLICACIÓN, DISTRIBUCIÓN, ETC.
Lugar de publicación, distribución, etc. Paris :
Nombre del editor, distribuidor, etc. Bar-le-Duc,
Fecha de publicación, distribución, etc. 1887 (
Fabricante Imp. Contaut Laguerre)
300 ## - DESCRIPCIÓN FÍSICA
Extensión 252 p. ;
Dimensiones 25 cm.
852 ## - LOCALIZACIÓN
Ubicación ES-MaACL
Número de control de estantería F-9400
Holdings
Estatus retirado Estado de pérdida Estado de daño No para préstamo Colección Biblioteca de origen Biblioteca actual Ubicación en estantería Fecha de adquisición Fuente de adquisición Total de préstamos Signatura topográfica completa Código de barras Visto por última vez Precio de reemplazo Tipo de ítem Koha
        Libros del s. XIX Biblioteca del Ateneo de Madrid Biblioteca del Ateneo de Madrid Sala Pecera Planta 2 17/01/2008     F-9400 1028958 23/02/2023 23/02/2023 Libro impreso antiguo